[Event "Campeonato España Sub 12"]
[Site "Salobreña"]
[Date "2017.07.10"]
[Round "1"]
[White "Castro Quijano, Eduardo"]
[Black "Mamani Beltran, Deniman"]
[Result "1-0"]
[Board "20"]
[WhiteClock "-:--:--"]
[WhiteElo "1650"]
[WhiteCountry "ESP"]
[WhiteFideId "24507407"]
[WhiteEloChange "2"]
[BlackClock "-:--:--"]
[BlackElo "1305"]
[BlackCountry "ESP"]
[BlackFideId "24542121"]
[BlackEloChange "-2"]

1. e4 {[%clk 1:30:30]} e6 {[%clk 1:30:30]} 2. d3 {[%clk 1:30:30]} d5 {[%clk
1:30:30]} 3. Nd2 {[%clk 1:30:30]} c5 {[%clk 1:30:30]} 4. Ngf3 {[%clk 1:30:30]}
Nc6 {[%clk 1:30:30]} 5. g3 {[%clk 1:30:30]} Bd6 {[%clk 1:30:30]} 6. Bg2 {[%clk
1:30:30]} Nge7 {[%clk 1:30:30]} 7. O-O {[%clk 1:30:30]} O-O {[%clk 1:30:30]} 8.
Re1 {[%clk 1:30:30]} Qc7 {[%clk 1:30:30]} 9. Qe2 {[%clk 1:30:30]} f6 {[%clk
1:30:30]} 10. c3 {[%clk 1:30:30]} Bd7 {[%clk 1:30:30]} 11. Nb3 {[%clk 1:30:30]}
Rae8 {[%clk 1:30:30]} 12. Be3 {[%clk 1:30:30]} b6 {[%clk 1:30:30]} 13. Nfd2
{[%clk 1:30:30]} Kh8 {[%clk 1:30:30]} 14. f4 {[%clk 1:30:30]} Qb8 {[%clk
1:30:30]} 15. Nf3 {[%clk 1:30:30]} e5 {[%clk 1:30:30]} 16. fxe5 {[%clk 1:30:30]}
fxe5 {[%clk 1:30:30]} 17. Rf1 {[%clk 1:30:30]} d4 {[%clk 1:30:30]} 18. cxd4
{[%clk 1:30:30]} cxd4 {[%clk 1:30:30]} 19. Bd2 {[%clk 1:30:30]} Bg4 {[%clk
1:30:30]} 20. h3 {[%clk 1:30:30]} Bxf3 {[%clk 1:30:30]} 21. Rxf3 {[%clk 1:30:30]}
Bb4 {[%clk 1:30:30]} 22. Raf1 {[%clk 1:30:30]} Bd6 {[%clk 1:30:30]} 23. Rf7
{[%clk 1:30:30]} Rxf7 {[%clk 1:30:30]} 24. Rxf7 {[%clk 1:30:30]} Kg8 {[%clk
1:30:30]} 25. Qf1 {[%clk 1:30:30]} Nd8 {[%clk 1:30:30]} 26. Rf2 {[%clk 1:30:30]}
Ne6 {[%clk 1:30:30]} 27. Qe2 {[%clk 1:30:30]} Rf8 {[%clk 1:30:30]} 28. Rxf8+
{[%clk 1:30:30]} Kxf8 {[%clk 1:30:30]} 29. h4 {[%clk 1:30:30]} h6 {[%clk
1:30:30]} 30. Bh3 {[%clk 1:30:30]} Nd8 {[%clk 1:30:30]} 31. Qf3+ {[%clk 1:30:30]}
Nf7 {[%clk 1:30:30]} 32. Be6 {[%clk 1:30:30]} Qe8 {[%clk 1:30:30]} 33. Bc1 {[%clk
1:30:30]} Nc6 {[%clk 1:30:30]} 34. Bc4 {[%clk 1:30:30]} Qe7 {[%clk 1:30:30]} 35.
Qf5 {[%clk 1:30:30]} Nd8 {[%clk 1:30:30]} 36. Nd2 {[%clk 1:30:30]} Qc7 {[%clk
1:30:30]} 37. Qf1 {[%clk 1:30:30]} Ke7 {[%clk 1:30:30]} 38. b3 {[%clk 1:30:30]}
Ne6 {[%clk 1:30:30]} 39. Qf5 {[%clk 1:30:30]} Qc8 {[%clk 1:30:30]} 40. Bb2 {[%clk
1:30:30]} Qd7 {[%clk 1:30:30]} 41. Nf3 {[%clk 1:30:30]} g5 {[%clk 1:30:30]} 42.
h5 {[%clk 1:30:30]} a5 {[%clk 1:30:30]} 43. Nh2 {[%clk 1:30:30]} b5 {[%clk
1:30:30]} 44. Bd5 {[%clk 1:30:30]} a4 {[%clk 1:30:30]} 45. Ng4 {[%clk 1:30:30]}
a3 {[%clk 1:30:30]} 46. Bc1 {[%clk 1:30:30]} Ned8 {[%clk 1:30:30]} 47. Qf6+
{[%clk 1:30:30]} Ke8 {[%clk 1:30:30]} 48. Nxh6 {[%clk 1:30:30]} 1-0

[Event "Campeonato España Sub 12"]
[Site "Salobreña"]
[Date "2017.07.10"]
[Round "2"]
[White "Garrido Outon, Alex"]
[Black "Garrido Diaz, Jose Antonio"]
[Result "1/2-1/2"]
[Board "1"]
[WhiteClock "n/a"]
[WhiteElo "2074"]
[WhiteCountry "ESP"]
[WhiteFideId "24516279"]
[WhiteEloChange "-8"]
[BlackClock "n/a"]
[BlackElo "1571"]
[BlackCountry "ESP"]
[BlackFideId "24516252"]
[BlackEloChange "8"]

1. e4 {[%clk 1:30:30]} c5 {[%clk 1:30:30]} 2. Nf3 {[%clk 1:30:30]} e6 {[%clk
1:30:30]} 3. d4 {[%clk 1:30:30]} cxd4 {[%clk 1:30:30]} 4. Nxd4 {[%clk 1:30:30]}
Nc6 {[%clk 1:30:30]} 5. Nc3 {[%clk 1:30:30]} Qc7 {[%clk 1:30:30]} 6. g3 {[%clk
1:30:30]} a6 {[%clk 1:30:30]} 7. Bg2 {[%clk 1:30:30]} Nf6 {[%clk 1:30:30]} 8. O-O
{[%clk 1:30:30]} Be7 {[%clk 1:30:30]} 9. Re1 {[%clk 1:30:30]} O-O {[%clk
1:30:30]} 10. Nxc6 {[%clk 1:30:30]} dxc6 {[%clk 1:30:30]} 11. e5 {[%clk 1:30:30]}
Nd5 {[%clk 1:30:30]} 12. Ne4 {[%clk 1:30:30]} f5 {[%clk 1:30:30]} 13. exf6 {[%clk
1:30:30]} Nxf6 {[%clk 1:30:30]} 14. Qe2 {[%clk 1:30:30]} Nxe4 {[%clk 1:30:30]}
15. Bxe4 {[%clk 1:30:30]} Bc5 {[%clk 1:30:30]} 16. Bxh7+ {[%clk 1:30:30]} Kxh7
{[%clk 1:30:30]} 17. Qh5+ {[%clk 1:30:30]} Kg8 {[%clk 1:30:30]} 18. Qxc5 {[%clk
1:30:30]} b6 {[%clk 1:30:30]} 19. Qc4 {[%clk 1:30:30]} c5 {[%clk 1:30:30]} 20.
Bf4 {[%clk 1:30:30]} Qf7 {[%clk 1:30:30]} 21. Re5 {[%clk 1:30:30]} Re8 {[%clk
1:30:30]} 22. Rae1 {[%clk 1:30:30]} Bd7 {[%clk 1:30:30]} 23. a4 {[%clk 1:30:30]}
a5 {[%clk 1:30:30]} 24. Rg5 {[%clk 1:30:30]} Qf6 {[%clk 1:30:30]} 25. Qe4 {[%clk
1:30:30]} Rf8 {[%clk 1:30:30]} 26. Re2 {[%clk 1:30:30]} Rae8 {[%clk 1:30:30]} 27.
Rg6 {[%clk 1:30:30]} Qf5 {[%clk 1:30:30]} 28. Be5 {[%clk 1:30:30]} Rf7 {[%clk
1:30:30]} 29. b3 {[%clk 1:30:30]} Qxe4 {[%clk 1:30:30]} 30. Rxe4 {[%clk 1:30:30]}
Bc6 {[%clk 1:30:30]} 31. Reg4 {[%clk 1:30:30]} Rd8 {[%clk 1:30:30]} 32. Rxg7+
{[%clk 1:30:30]} Rxg7 {[%clk 1:30:30]} 33. Rxg7+ {[%clk 1:30:30]} Kf8 {[%clk
1:30:30]} 34. f4 {[%clk 1:30:30]} Rd1+ {[%clk 1:30:30]} 35. Kf2 {[%clk 1:30:30]}
Rd2+ {[%clk 1:30:30]} 36. Ke3 {[%clk 1:30:30]} Rxh2 {[%clk 1:30:30]} 37. Rc7
{[%clk 1:30:30]} Bh1 {[%clk 1:30:30]} 38. c4 {[%clk 1:30:30]} Rg2 {[%clk
1:30:30]} 39. Rh7 {[%clk 1:30:30]} Rg1 {[%clk 1:30:30]} 40. Bc7 {[%clk 1:30:30]}
Rb1 {[%clk 1:30:30]} 41. Kd3 {[%clk 1:30:30]} Bf3 {[%clk 1:30:30]} 42. Kc3 {[%clk
1:30:30]} Bd1 {[%clk 1:30:30]} 43. Rh8+ {[%clk 1:30:30]} Kf7 {[%clk 1:30:30]} 44.
Rb8 {[%clk 1:30:30]} Rxb3+ {[%clk 1:30:30]} 45. Kd2 {[%clk 1:30:30]} Bf3 {[%clk
1:30:30]} 46. Rxb6 {[%clk 1:30:30]} Ra3 {[%clk 1:30:30]} 47. Rb5 {[%clk 1:30:30]}
Rxa4 {[%clk 1:30:30]} 48. Rxc5 {[%clk 1:30:30]} Ra2+ {[%clk 1:30:30]} 49. Kc3
{[%clk 1:30:30]} a4 {[%clk 1:30:30]} 50. Ra5 {[%clk 1:30:30]} Bd1 {[%clk
1:30:30]} 51. c5 {[%clk 1:30:30]} Rc2+ {[%clk 1:30:30]} 52. Kd3 {[%clk 1:30:30]}
a3 {[%clk 1:30:30]} 53. Be5 {[%clk 1:30:30]} a2 {[%clk 1:30:30]} 54. Bd4 {[%clk
1:30:30]} Ke7 {[%clk 1:30:30]} 55. Ra7+ {[%clk 1:30:30]} Kd8 {[%clk 1:30:30]} 56.
g4 {[%clk 1:30:30]} Rg2 {[%clk 1:30:30]} 57. c6 {[%clk 1:30:30]} Rc2 {[%clk
1:30:30]} 58. Bb6+ {[%clk 1:30:30]} Ke8 {[%clk 1:30:30]} 59. Ra8+ {[%clk
1:30:30]} Ke7 {[%clk 1:30:30]} 60. c7 {[%clk 1:30:30]} Kd7 {[%clk 1:30:30]} 61.
g5 {[%clk 1:30:30]} Rc6 {[%clk 1:30:30]} 62. Kd4 {[%clk 1:30:30]} Bh5 {[%clk
1:30:30]} 63. c8Q+ {[%clk 1:30:30]} Rxc8 {[%clk 1:30:30]} 64. Rxa2 {[%clk
1:30:30]} Rf8 {[%clk 1:30:30]} 65. Ke5 {[%clk 1:30:30]} Rf5+ {[%clk 1:30:30]} 66.
Ke4 {[%clk 1:30:30]} Rb5 {[%clk 1:30:30]} 67. Ra7+ {[%clk 1:30:30]} Kd6 {[%clk
1:30:30]} 68. Bc7+ {[%clk 1:30:30]} Kc6 {[%clk 1:30:30]} 69. Be5 {[%clk 1:30:30]}
Rb4+ {[%clk 1:30:30]} 70. Kd3 {[%clk 1:30:30]} Rb7 {[%clk 1:30:30]} 71. Rxb7
{[%clk 1:30:30]} Kxb7 {[%clk 1:30:30]} 72. Kd4 {[%clk 1:30:30]} Kc6 {[%clk
1:30:30]} 73. Bg7 {[%clk 1:30:30]} Kd6 {[%clk 1:30:30]} 74. Bf8+ {[%clk 1:30:30]}
Kd7 {[%clk 1:30:30]} 75. Ke5 {[%clk 1:30:30]} Ke8 {[%clk 1:30:30]} 76. Kxe6
{[%clk 1:30:30]} Kxf8 {[%clk 1:30:30]} 77. Kf6 {[%clk 1:30:30]} Bg4 {[%clk
1:30:30]} 78. g6 {[%clk 1:30:30]} Kg8 {[%clk 1:30:30]} 79. Kg5 {[%clk 1:30:30]}
Bd7 {[%clk 1:30:30]} 80. f5 {[%clk 1:30:30]} Bxf5 {[%clk 1:30:30]} 81. Kxf5
{[%clk 1:30:30]} Kg7 {[%clk 1:30:30]} 82. Kg5 {[%clk 1:30:30]} Kg8 {[%clk
1:30:30]} 83. Kf6 {[%clk 1:30:30]} 1/2-1/2

[Event "Campeonato España Sub 12"]
[Site "Salobreña"]
[Date "2017.07.10"]
[Round "2"]
[White "Diaz Reyes, Killian"]
[Black "Fernandez Lopez, Ruben"]
[Result "0-1"]
[Board "2"]
[WhiteClock "1:30"]
[WhiteElo "1520"]
[WhiteCountry "ESP"]
[WhiteFideId "24516767"]
[WhiteEloChange "-2"]
[BlackClock "1:30"]
[BlackElo "1982"]
[BlackCountry "ESP"]
[BlackFideId "24518298"]
[BlackEloChange "2"]

1. e4 {[%clk 1:30:00]} c5 {[%clk 1:30:00]} 2. Nf3 {[%clk 1:31:00]} d6 {[%clk
1:31:00]} 3. d4 {[%clk 1:31:00]} cxd4 {[%clk 1:31:00]} 4. Nxd4 {[%clk 1:32:00]}
Nf6 {[%clk 1:32:00]} 5. Nc3 {[%clk 1:32:00]} a6 {[%clk 1:32:00]} 6. a3 {[%clk
1:32:00]} e5 {[%clk 1:32:00]} 7. Nf5 {[%clk 1:33:00]} d5 {[%clk 1:32:00]} 8. Bg5
{[%clk 1:33:00]} d4 {[%clk 1:32:00]} 9. Bxf6 {[%clk 1:33:00]} gxf6 {[%clk
1:33:00]} 10. Nb1 {[%clk 1:33:00]} Qb6 {[%clk 1:30:00]} 11. Nd2 {[%clk 1:33:00]}
Be6 {[%clk 1:30:00]} 12. Bc4 {[%clk 1:25:00]} Qc7 {[%clk 1:16:00]} 13. Bb3 {[%clk
1:13:00]} a5 {[%clk 1:04:00]} 14. O-O {[%clk 1:03:00]} a4 {[%clk 1:03:00]} 15.
Bxe6 {[%clk 1:03:00]} fxe6 {[%clk 1:04:00]} 16. Qh5+ {[%clk 1:02:00]} Qf7 {[%clk
1:04:00]} 17. Qxf7+ {[%clk 1:02:00]} Kxf7 {[%clk 1:04:00]} 18. Ng3 {[%clk
1:00:00]} Na6 {[%clk 1:04:00]} 19. Rfe1 {[%clk 0:51:00]} Rc8 {[%clk 1:04:00]} 20.
Rac1 {[%clk 0:48:00]} Bh6 {[%clk 1:04:00]} 21. Ngf1 {[%clk 0:41:00]} Rc6 {[%clk
1:04:00]} 22. c3 {[%clk 0:40:00]} Rhc8 {[%clk 1:04:00]} 23. c4 {[%clk 0:36:00]}
b5 {[%clk 1:04:00]} 24. Rc2 {[%clk 0:32:00]} bxc4 {[%clk 1:04:00]} 25. Rec1
{[%clk 0:31:00]} c3 {[%clk 1:05:00]} 26. Rd1 {[%clk 0:26:00]} cxd2 {[%clk
1:05:00]} 0-1

[Event "Campeonato España Sub 12"]
[Site "Salobreña"]
[Date "2017.07.10"]
[Round "2"]
[White "Revaliente Montoya, Ciro"]
[Black "Valenzuela Fernandez, Alejandro"]
[Result "1-0"]
[Board "3"]
[WhiteClock "1:30"]
[WhiteElo "1992"]
[WhiteCountry "ESP"]
[WhiteFideId "24538442"]
[WhiteEloChange "2"]
[BlackClock "1:30"]
[BlackElo "1568"]
[BlackCountry "ESP"]
[BlackFideId "24538418"]
[BlackEloChange "-2"]

1. e4 {[%clk 1:30:00]} e5 {[%clk 1:30:00]} 2. Nf3 {[%clk 1:31:00]} Nc6 {[%clk
1:30:00]} 3. Nc3 {[%clk 1:31:00]} Bc5 {[%clk 1:30:00]} 4. Nxe5 {[%clk 1:30:00]}
Nxe5 {[%clk 1:31:00]} 5. d4 {[%clk 1:31:00]} Bd6 {[%clk 1:31:00]} 6. dxe5 {[%clk
1:31:00]} Bxe5 {[%clk 1:31:00]} 7. f4 {[%clk 1:32:00]} Bxc3+ {[%clk 1:31:00]} 8.
bxc3 {[%clk 1:32:00]} d6 {[%clk 1:30:00]} 9. Bd3 {[%clk 1:32:00]} Qh4+ {[%clk
1:28:00]} 10. g3 {[%clk 1:31:00]} Qe7 {[%clk 1:28:00]} 11. O-O {[%clk 1:31:00]}
Nf6 {[%clk 1:28:00]} 12. Re1 {[%clk 1:30:00]} O-O {[%clk 1:26:00]} 13. Ba3 {[%clk
1:30:00]} Bg4 {[%clk 1:24:00]} 14. Qb1 {[%clk 1:28:00]} c5 {[%clk 1:21:00]} 15.
e5 {[%clk 1:24:00]} Nd5 {[%clk 1:14:00]} 16. exd6 {[%clk 1:24:00]} Qxd6 {[%clk
1:14:00]} 17. Qxb7 {[%clk 1:23:00]} Nxc3 {[%clk 1:14:00]} 18. Qg2 {[%clk
1:16:00]} Qd4+ {[%clk 1:09:00]} 19. Qf2 {[%clk 1:16:00]} Qxf2+ {[%clk 1:09:00]}
20. Kxf2 {[%clk 1:17:00]} Rac8 {[%clk 1:09:00]} 21. Re5 {[%clk 1:17:00]} c4
{[%clk 1:04:00]} 22. Bxf8 {[%clk 1:14:00]} cxd3 {[%clk 1:04:00]} 23. Bb4 {[%clk
1:13:00]} d2 {[%clk 1:02:00]} 24. Bxc3 {[%clk 1:13:00]} d1Q {[%clk 1:03:00]} 25.
Rxd1 {[%clk 1:13:00]} Bxd1 {[%clk 1:03:00]} 26. Ke1 {[%clk 1:12:00]} Bxc2 {[%clk
1:03:00]} 27. Kd2 {[%clk 1:12:00]} Bb1 {[%clk 0:59:00]} 28. Rg5 {[%clk 1:11:00]}
g6 {[%clk 0:58:00]} 29. Ra5 {[%clk 1:12:00]} Ra8 {[%clk 0:56:00]} 30. Ra6 {[%clk
1:10:00]} f5 {[%clk 0:56:00]} 31. Bd4 {[%clk 1:09:00]} Rd8 {[%clk 0:53:00]} 32.
Kc3 {[%clk 1:09:00]} Rc8+ {[%clk 0:52:00]} 33. Kb2 {[%clk 1:07:00]} Rb8+ {[%clk
0:52:00]} 34. Kc1 {[%clk 1:05:00]} Be4 {[%clk 0:48:00]} 35. Rxa7 {[%clk 1:05:00]}
Rb7 {[%clk 0:47:00]} 36. Kd2 {[%clk 1:05:00]} Rxa7 {[%clk 0:46:00]} 37. Bxa7
{[%clk 1:05:00]} Kf7 {[%clk 0:46:00]} 38. Ke3 {[%clk 1:06:00]} Kg7 {[%clk
0:45:00]} 39. a3 {[%clk 0:58:00]} Kh6 {[%clk 0:42:00]} 40. g4 {[%clk 0:58:00]}
Bc6 {[%clk 0:41:00]} 41. g5+ {[%clk 0:57:00]} Kh5 {[%clk 0:41:00]} 42. Kd4 {[%clk
0:58:00]} h6 {[%clk 0:41:00]} 43. h4 {[%clk 0:57:00]} Be8 {[%clk 0:39:00]} 44.
Ke5 {[%clk 0:57:00]} hxg5 {[%clk 0:37:00]} 45. hxg5 {[%clk 0:58:00]} Kg4 {[%clk
0:37:00]} 46. Bb8 {[%clk 0:58:00]} Kh5 {[%clk 0:37:00]} 1-0

[Event "Campeonato España Sub 12"]
[Site "Salobreña"]
[Date "2017.07.10"]
[Round "2"]
[White "Garrido Diaz, Ernesto"]
[Black "Reyes Penas, Sebastian"]
[Result "0-1"]
[Board "4"]
[WhiteClock "1:30"]
[WhiteElo "1554"]
[WhiteCountry "ESP"]
[WhiteFideId "24516244"]
[WhiteEloChange "-2"]
[BlackClock "1:30"]
[BlackElo "1940"]
[BlackCountry "ESP"]
[BlackFideId "32035780"]
[BlackEloChange "2"]

1. e4 {[%clk 1:30:00]} c5 {[%clk 1:30:00]} 2. Nf3 {[%clk 1:31:00]} e6 {[%clk
1:31:00]} 3. d4 {[%clk 1:31:00]} cxd4 {[%clk 1:31:00]} 4. Nxd4 {[%clk 1:31:00]}
a6 {[%clk 1:32:00]} 5. Nc3 {[%clk 1:31:00]} Qc7 {[%clk 1:32:00]} 6. g3 {[%clk
1:31:00]} Nf6 {[%clk 1:32:00]} 7. Bg2 {[%clk 1:31:00]} Be7 {[%clk 1:31:00]} 8.
O-O {[%clk 1:30:00]} d6 {[%clk 1:32:00]} 9. f4 {[%clk 1:26:00]} O-O {[%clk
1:31:00]} 10. g4 {[%clk 1:22:00]} Nc6 {[%clk 1:30:00]} 11. g5 {[%clk 1:21:00]}
Nxd4 {[%clk 1:29:00]} 12. Qxd4 {[%clk 1:20:00]} d5 {[%clk 1:26:00]} 13. Qd1
{[%clk 1:14:00]} Bc5+ {[%clk 1:26:00]} 14. Kh1 {[%clk 1:14:00]} Nxe4 {[%clk
1:27:00]} 15. Nxe4 {[%clk 1:15:00]} dxe4 {[%clk 1:27:00]} 16. Bxe4 {[%clk
1:14:00]} Bd7 {[%clk 1:26:00]} 17. b3 {[%clk 1:09:00]} Bc6 {[%clk 1:26:00]} 18.
Qf3 {[%clk 1:09:00]} Bd4 {[%clk 1:24:00]} 19. Rb1 {[%clk 1:08:00]} Bxe4 {[%clk
1:24:00]} 20. Qxe4 {[%clk 1:08:00]} Rad8 {[%clk 1:16:00]} 21. Ba3 {[%clk
1:07:00]} Rfe8 {[%clk 1:16:00]} 22. Rbd1 {[%clk 1:07:00]} Qc6 {[%clk 1:11:00]}
23. Qxc6 {[%clk 1:06:00]} bxc6 {[%clk 1:11:00]} 24. Rd3 {[%clk 1:06:00]} Bb6
{[%clk 1:08:00]} 25. Rfd1 {[%clk 1:05:00]} f6 {[%clk 1:07:00]} 26. gxf6 {[%clk
1:02:00]} gxf6 {[%clk 1:08:00]} 27. Kg2 {[%clk 1:02:00]} Rxd3 {[%clk 1:07:00]}
28. Rxd3 {[%clk 1:02:00]} Rd8 {[%clk 1:07:00]} 29. Rxd8+ {[%clk 1:02:00]} Bxd8
{[%clk 1:07:00]} 30. Bc5 {[%clk 1:02:00]} Kf7 {[%clk 1:08:00]} 31. c4 {[%clk
1:00:00]} Kg6 {[%clk 1:07:00]} 32. Kf3 {[%clk 0:59:00]} Kf5 {[%clk 1:07:00]} 33.
a4 {[%clk 0:57:00]} Bc7 {[%clk 1:07:00]} 34. Be3 {[%clk 0:57:00]} Bd6 {[%clk
1:07:00]} 35. Bd2 {[%clk 0:56:00]} e5 {[%clk 1:04:00]} 36. fxe5 {[%clk 0:54:00]}
fxe5 {[%clk 1:05:00]} 37. h3 {[%clk 0:51:00]} e4+ {[%clk 1:05:00]} 38. Ke3 {[%clk
0:47:00]} Bf4+ {[%clk 1:04:00]} 39. Ke2 {[%clk 0:46:00]} Bxd2 {[%clk 1:04:00]}
40. Kxd2 {[%clk 0:46:00]} c5 {[%clk 1:04:00]} 41. Ke2 {[%clk 0:45:00]} Ke5 {[%clk
1:04:00]} 42. Ke3 {[%clk 0:44:00]} a5 {[%clk 1:05:00]} 43. Ke2 {[%clk 0:44:00]}
Kd4 {[%clk 1:05:00]} 44. Kd2 {[%clk 0:44:00]} e3+ {[%clk 1:05:00]} 45. Kc2 {[%clk
0:43:00]} h6 {[%clk 1:05:00]} 0-1

[Event "Campeonato España Sub 12"]
[Site "Salobreña"]
[Date "2017.07.10"]
[Round "2"]
[White "Zhou, Lulu"]
[Black "Linan Molina, Daniel"]
[Result "1-0"]
[Board "5"]
[WhiteClock "1:30"]
[WhiteElo "1964"]
[WhiteCountry "ESP"]
[WhiteFideId "24540943"]
[WhiteEloChange "2"]
[BlackClock "1:30"]
[BlackElo "1539"]
[BlackCountry "ESP"]
[BlackFideId "24539341"]
[BlackEloChange "-2"]

1. e4 {[%clk 1:30:00]} c6 {[%clk 1:30:00]} 2. d4 {[%clk 1:31:00]} d5 {[%clk
1:31:00]} 3. Nc3 {[%clk 1:31:00]} dxe4 {[%clk 1:31:00]} 4. Nxe4 {[%clk 1:32:00]}
Nd7 {[%clk 1:31:00]} 5. Nf3 {[%clk 1:31:00]} Ngf6 {[%clk 1:32:00]} 6. Ng3 {[%clk
1:31:00]} e6 {[%clk 1:32:00]} 7. Bd3 {[%clk 1:31:00]} Be7 {[%clk 1:32:00]} 8. O-O
{[%clk 1:31:00]} O-O {[%clk 1:33:00]} 9. c4 {[%clk 1:30:00]} c5 {[%clk 1:26:00]}
10. b3 {[%clk 1:26:00]} Qc7 {[%clk 1:19:00]} 11. Qc2 {[%clk 1:23:00]} b6 {[%clk
1:12:00]} 12. Bb2 {[%clk 1:14:00]} Bb7 {[%clk 1:11:00]} 13. Ng5 {[%clk 1:11:00]}
h6 {[%clk 0:57:00]} 14. N5e4 {[%clk 1:11:00]} Rad8 {[%clk 0:51:00]} 15. dxc5
{[%clk 1:10:00]} bxc5 {[%clk 0:39:00]} 16. f4 {[%clk 1:02:00]} Rfe8 {[%clk
0:24:00]} 17. Rad1 {[%clk 0:58:00]} Nxe4 {[%clk 0:19:01]} 18. Bxe4 {[%clk
0:56:00]} Nf6 {[%clk 0:19:14]} 19. Bxb7 {[%clk 0:56:00]} Qxb7 {[%clk 0:19:35]}
20. f5 {[%clk 0:55:00]} Rxd1 {[%clk 0:16:55]} 21. Rxd1 {[%clk 0:55:00]} exf5
{[%clk 0:16:12]} 22. Qxf5 {[%clk 0:52:00]} Qa6 {[%clk 0:12:18]} 23. a3 {[%clk
0:49:00]} Qb6 {[%clk 0:12:30]} 24. Qf3 {[%clk 0:45:00]} Rb8 {[%clk 0:10:19]} 25.
Nf5 {[%clk 0:41:00]} Bf8 {[%clk 0:09:42]} 26. Nxh6+ {[%clk 0:26:00]} gxh6 {[%clk
0:10:02]} 27. Bxf6 {[%clk 0:27:00]} Qxb3 {[%clk 0:10:04]} 28. Bc3 {[%clk
0:25:00]} Bg7 {[%clk 0:08:40]} 29. Rd3 {[%clk 0:19:47]} Bxc3 {[%clk 0:08:00]} 30.
Rxc3 {[%clk 0:19:55]} Qb1+ {[%clk 0:08:02]} 31. Kf2 {[%clk 0:19:00]} Rb2+ {[%clk
0:07:51]} 32. Kg3 {[%clk 0:19:25]} Qg6+ {[%clk 0:08:39]} 33. Kh3 {[%clk 0:19:30]}
Qe6+ {[%clk 0:08:48]} 34. Kh4 {[%clk 0:16:01]} Qe7+ {[%clk 0:08:12]} 35. Kg3
{[%clk 0:16:23]} Qe5+ {[%clk 0:08:15]} 36. Kh3 {[%clk 0:16:44]} Qe6+ {[%clk
0:08:38]} 37. g4 {[%clk 0:16:54]} Qe5 {[%clk 0:07:48]} 38. Qg3 {[%clk 0:16:44]}
Qxg3+ {[%clk 0:07:53]} 39. Kxg3 {[%clk 0:17:08]} Kg7 {[%clk 0:07:57]} 40. h3
{[%clk 0:17:18]} Kg6 {[%clk 0:07:56]} 41. Kf4 {[%clk 0:16:57]} Kf6 {[%clk
0:07:32]} 42. Ke4 {[%clk 0:17:06]} Ke6 {[%clk 0:07:44]} 43. Re3 {[%clk 0:17:00]}
Rf2 {[%clk 0:07:20]} 44. Kd3+ {[%clk 0:15:43]} Kd6 {[%clk 0:07:41]} 45. Kc3
{[%clk 0:16:08]} f6 {[%clk 0:06:34]} 46. Kb3 {[%clk 0:16:16]} a6 {[%clk 0:05:31]}
47. Ka4 {[%clk 0:15:07]} Rc2 {[%clk 0:05:53]} 48. Rf3 {[%clk 0:12:35]} Rxc4+
{[%clk 0:04:35]} 49. Kb3 {[%clk 0:12:59]} Rd4 {[%clk 0:01:24]} 50. Rxf6+ {[%clk
0:13:11]} Kd5 {[%clk 0:01:19]} 51. Rxh6 {[%clk 0:11:03]} Rd3+ {[%clk 0:01:05]}
52. Kb2 {[%clk 0:10:56]} c4 {[%clk 0:00:50]} 53. Rh8 {[%clk 0:10:24]} Ke4 {[%clk
0:06:27]} 54. g5 {[%clk 0:10:24]} Rb3+ {[%clk 0:06:27]} 55. Kc2 {[%clk 0:10:24]}
Rb6 {[%clk 0:06:27]} 56. Rh6 {[%clk 0:10:24]} Rb3 {[%clk 0:06:27]} 57. g6 {[%clk
0:10:24]} Rg3 {[%clk 0:06:27]} 58. Rh4+ {[%clk 0:10:24]} Kf5 {[%clk 0:06:27]} 59.
Rg4 {[%clk 0:10:24]} Rxg4 {[%clk 0:06:27]} 60. hxg4+ {[%clk 0:10:24]} Kxg6 {[%clk
0:06:27]} 61. Kc3 {[%clk 0:10:24]} Kg5 {[%clk 0:06:27]} 62. Kxc4 {[%clk 0:10:24]}
Kxg4 {[%clk 0:06:27]} 63. Kc5 {[%clk 0:10:24]} Kf4 {[%clk 0:06:27]} 64. Kb6
{[%clk 0:10:24]} Ke5 {[%clk 0:06:27]} 65. Kxa6 {[%clk 0:10:24]} Kd5 {[%clk
0:06:27]} 66. Kb6 {[%clk 0:10:24]} Kd6 {[%clk 0:06:27]} 67. a4 {[%clk 0:10:24]}
Kd7 {[%clk 0:06:27]} 68. Kb7 {[%clk 0:10:24]} 1-0

[Event "Campeonato España Sub 12"]
[Site "Salobreña"]
[Date "2017.07.10"]
[Round "2"]
[White "Lopez Nunez, Alonso"]
[Black "Perez Guerra, Raul"]
[Result "1/2-1/2"]
[Board "6"]
[WhiteClock "1:30"]
[WhiteElo "1388"]
[WhiteCountry "ESP"]
[WhiteFideId "24544213"]
[WhiteEloChange "8"]
[BlackClock "1:30"]
[BlackElo "1951"]
[BlackCountry "ESP"]
[BlackFideId "32078188"]
[BlackEloChange "-8"]

1. d4 {[%clk 1:30:00]} d5 {[%clk 1:30:00]} 2. Nf3 {[%clk 1:31:00]} Nc6 {[%clk
1:30:00]} 3. Bf4 {[%clk 1:31:00]} Bg4 {[%clk 1:30:00]} 4. e3 {[%clk 1:31:00]} Nf6
{[%clk 1:29:00]} 5. Nbd2 {[%clk 1:31:00]} e6 {[%clk 1:29:00]} 6. c3 {[%clk
1:28:00]} Ne4 {[%clk 1:28:00]} 7. Be2 {[%clk 1:28:00]} f5 {[%clk 1:27:00]} 8.
Nxe4 {[%clk 1:27:00]} fxe4 {[%clk 1:27:00]} 9. Ne5 {[%clk 1:27:00]} Bxe2 {[%clk
1:25:00]} 10. Qxe2 {[%clk 1:26:00]} Nxe5 {[%clk 1:21:00]} 11. Bxe5 {[%clk
1:27:00]} Qd7 {[%clk 1:21:00]} 12. Qh5+ {[%clk 1:26:00]} g6 {[%clk 1:20:00]} 13.
Qh3 {[%clk 1:25:00]} Rg8 {[%clk 1:20:00]} 14. O-O {[%clk 1:23:00]} Bd6 {[%clk
1:03:00]} 15. Bxd6 {[%clk 1:22:00]} Qxd6 {[%clk 1:03:00]} 16. Qxh7 {[%clk
1:21:00]} O-O-O {[%clk 1:04:00]} 17. Qh3 {[%clk 1:20:00]} Rh8 {[%clk 0:55:00]}
18. Qg3 {[%clk 1:20:00]} Qe7 {[%clk 0:55:00]} 19. f3 {[%clk 1:18:00]} exf3 {[%clk
0:44:00]} 20. Rxf3 {[%clk 1:18:00]} g5 {[%clk 0:44:00]} 21. Raf1 {[%clk 1:17:00]}
Rh7 {[%clk 0:39:00]} 22. Qf2 {[%clk 1:15:00]} Qd6 {[%clk 0:34:00]} 23. Qg3 {[%clk
1:14:00]} Qe7 {[%clk 0:32:00]} 24. Qf2 {[%clk 1:10:00]} Qd6 {[%clk 0:22:00]} 25.
Qg3 {[%clk 1:10:00]} Qe7 {[%clk 0:21:00]} 26. Qf2 {[%clk 1:07:00]} Qd6 {[%clk
0:21:00]} 27. Qg3 {[%clk 1:07:00]} 1/2-1/2

[Event "Campeonato España Sub 12"]
[Site "Salobreña"]
[Date "2017.07.10"]
[Round "2"]
[White "Villalba Embid, Marcos"]
[Black "Follana Albelda, Lucia"]
[Result "1-0"]
[Board "7"]
[WhiteClock "1:30"]
[WhiteElo "1868"]
[WhiteCountry "ESP"]
[WhiteFideId "24505277"]
[WhiteEloChange "2"]
[BlackClock "1:30"]
[BlackElo "1445"]
[BlackCountry "ESP"]
[BlackFideId "24516937"]
[BlackEloChange "-2"]

1. e4 {[%clk 1:30:00]} c5 {[%clk 1:30:00]} 2. Nf3 {[%clk 1:31:00]} d6 {[%clk
1:30:00]} 3. d4 {[%clk 1:31:00]} cxd4 {[%clk 1:30:00]} 4. Nxd4 {[%clk 1:31:00]}
Nf6 {[%clk 1:30:00]} 5. Nc3 {[%clk 1:32:00]} g6 {[%clk 1:29:00]} 6. Be3 {[%clk
1:31:00]} Bg7 {[%clk 1:29:00]} 7. f3 {[%clk 1:31:00]} O-O {[%clk 1:28:00]} 8. Bc4
{[%clk 1:32:00]} Nc6 {[%clk 1:26:00]} 9. Qd2 {[%clk 1:32:00]} a6 {[%clk 1:25:00]}
10. h4 {[%clk 1:30:00]} Bd7 {[%clk 1:21:00]} 11. O-O-O {[%clk 1:28:00]} b5 {[%clk
1:18:00]} 12. Bb3 {[%clk 1:28:00]} Rc8 {[%clk 1:16:00]} 13. g4 {[%clk 1:26:00]}
Na5 {[%clk 1:10:00]} 14. h5 {[%clk 1:25:00]} Nxb3+ {[%clk 1:09:00]} 15. axb3
{[%clk 1:24:00]} Qa5 {[%clk 0:58:00]} 16. Kb1 {[%clk 1:20:00]} Ra8 {[%clk
0:51:00]} 17. Bh6 {[%clk 1:19:00]} Bxh6 {[%clk 0:45:00]} 18. Qxh6 {[%clk
1:19:00]} e6 {[%clk 0:43:00]} 19. e5 {[%clk 1:14:00]} dxe5 {[%clk 0:33:00]} 20.
Ne4 {[%clk 1:14:00]} Nxe4 {[%clk 0:29:00]} 21. fxe4 {[%clk 1:14:00]} g5 {[%clk
0:26:00]} 22. Qxg5+ {[%clk 1:14:00]} 1-0